[Event "Lund CellaVision Cup"]
[Site "Lund"]
[Date "2016.08.05"]
[Round "1"]
[White "Liedbeck, Patrik"]
[Black "Jepson, Christian"]
[Result "0-1"]
[WhiteElo "1969"]
[BlackElo "2431"]
[PlyCount "84"]
[EventDate "2016.08.05"]
[EventType "swiss"]
[EventRounds "8"]
[EventCountry "SWE"]
[SourceTitle "CBM 173 Extra"]
[Source "ChessBase"]
[SourceDate "2016.08.29"]
[SourceVersion "1"]
[SourceVersionDate "2016.08.29"]
[SourceQuality "1"]

1. c4 e6 2. g3 d5 3. Bg2 g6 4. Nf3 Bg7 5. 0-0 Ne7 6. d3 0-0 7. Qc2 b6 8. Nc3 Bb7 9. Bf4 c5 10. cxd5 exd5 11. Be5 f6 12. Bf4 Nbc6 13. h4 a6 14. Rad1 Nf5 15. e4 Nfd4 16. Nxd4 Nxd4 17. Qd2 dxe4 18. dxe4 Re8 19. Rfe1 Qd7 20. Ne2 Bxe4 21. Nxd4 Bxg2 22. Rxe8+ Rxe8 23. Kxg2 cxd4 24. Qxd4 Qe6 25. Qd5 b5 26. b3 Kf7 27. Qxe6+ Rxe6 28. Kf3 Bf8 29. Rd7+ Be7 30. Be3 Rc6 31. Rb7 Ke6 32. Rb6 Rxb6 33. Bxb6 Kd5 34. g4 h5 35. Be3 hxg4+ 36. Kxg4 Ke4 37. Kg3 f5 38. Bh6 Bf6 39. f3+ Ke5 40. Bf4+ Ke6 41. Bd2 Be7 42. Kf4 Bd6+ 0-1

[Event "Politiken Cup 37th"]
[Site "Helsingor"]
[Date "2015.07.30"]
[Round "7"]
[White "Ask, Josef"]
[Black "Liedbeck, Patrik"]
[Result "1-0"]
[WhiteElo "2170"]
[BlackElo "1986"]
[PlyCount "69"]
[EventDate "2015.07.25"]
[EventType "swiss"]
[EventRounds "10"]
[EventCountry "DEN"]
[SourceTitle "CBM 167 Extra"]
[Source "ChessBase"]
[SourceDate "2015.09.14"]
[SourceVersion "1"]
[SourceVersionDate "2015.09.14"]
[SourceQuality "1"]

1. c4 Nf6 2. Nc3 g6 3. Nf3 d5 4. cxd5 Nxd5 5. Qa4+ c6 6. e4 Nb6 7. Qa5 Bg7 8. d4 0-0 9. Be3 N6d7 10. Qxd8 Rxd8 11. Bc4 Nb6 12. Bb3 h6 13. Ne5 e6 14. f4 N8d7 15. Nf3 Nf6 16. h3 Bf8 17. a3 Bd7 18. Ne5 Be8 19. 0-0 Nfd7 20. f5 Nxe5 21. dxe5 gxf5 22. exf5 Nd5 23. Nxd5 cxd5 24. fxe6 fxe6 25. Rf6 Bf7 26. Raf1 Rd7 27. Bxh6 Bc5+ 28. Kh1 Bd4 29. Bf4 Bxb2 30. Rf3 Rc7 31. Rg3+ Kf8 32. Bh6+ Ke8 33. Ba4+ Kd8 34. Rgf3 Be8 35. Rf8 1-0

[Event "Politiken Cup 37th"]
[Site "Helsingor"]
[Date "2015.07.29"]
[Round "6"]
[White "Liedbeck, Patrik"]
[Black "Hojgaard, Brandur"]
[Result "1-0"]
[WhiteElo "1986"]
[BlackElo "1787"]
[PlyCount "55"]
[EventDate "2015.07.25"]
[EventType "swiss"]
[EventRounds "10"]
[EventCountry "DEN"]
[SourceTitle "CBM 167 Extra"]
[Source "ChessBase"]
[SourceDate "2015.09.14"]
[SourceVersion "1"]
[SourceVersionDate "2015.09.14"]
[SourceQuality "1"]

1. e4 e5 2. Nf3 Nc6 3. Bc4 Nf6 4. Ng5 d5 5. exd5 Na5 6. Bb5+ c6 7. dxc6 bxc6 8. Be2 h6 9. Nf3 e4 10. Ne5 Bd6 11. d4 exd3 12. Nxd3 Qc7 13. h3 0-0 14. Nc3 Ba6 15. 0-0 Rad8 16. b3 c5 17. Qe1 Rfe8 18. Be3 c4 19. Nb2 Be5 20. Nba4 Ne4 21. Nxe4 Bxa1 22. Nec5 Bb5 23. Qxa1 Rd5 24. b4 Nc6 25. a3 Nd4 26. Bxd4 Rxe2 27. Nc3 Rxd4 28. Nxb5 1-0

[Event "Politiken Cup 37th"]
[Site "Helsingor"]
[Date "2015.07.28"]
[Round "5"]
[White "Maselli, Daniel"]
[Black "Liedbeck, Patrik"]
[Result "1/2-1/2"]
[WhiteElo "1717"]
[BlackElo "1986"]
[PlyCount "100"]
[EventDate "2015.07.25"]
[EventType "swiss"]
[EventRounds "10"]
[EventCountry "DEN"]
[SourceTitle "CBM 167 Extra"]
[Source "ChessBase"]
[SourceDate "2015.09.14"]
[SourceVersion "1"]
[SourceVersionDate "2015.09.14"]
[SourceQuality "1"]

1. d4 d5 2. Nf3 c6 3. c3 Nf6 4. Bg5 Bf5 5. e3 Nbd7 6. Bd3 Bxd3 7. Qxd3 Ne4 8. Bf4 e6 9. Nbd2 Ndf6 10. Ng5 Nxd2 11. Qxd2 h6 12. Nf3 Ne4 13. Qe2 g5 14. Bg3 h5 15. h3 Nxg3 16. fxg3 Bd6 17. Qf2 Qc7 18. 0-0-0 Bxg3 19. Qc2 Qe7 20. e4 0-0-0 21. Rhf1 g4 22. Nd2 gxh3 23. gxh3 Rdf8 24. exd5 cxd5 25. Rf3 Rhg8 26. Qh7 Rh8 27. Qg7 Bh4 28. Rdf1 f5 29. Qxe7 Bxe7 30. Rg3 Rhg8 31. Rfg1 Rxg3 32. Rxg3 Bh4 33. Rg6 Rf6 34. Rg8+ Kc7 35. Nf3 Bf2 36. Kd2 f4 37. Rg7+ Kb6 38. Ne5 Be3+ 39. Kd3 Rf5 40. Rg6 Bc1 41. Rxe6+ Kc7 42. Kc2 f3 43. Nxf3 Rxf3 44. Kxc1 Rxh3 45. Rh6 Rh2 46. a4 h4 47. Kb1 h3 48. Ka2 Rh1 49. Kb3 Kd7 50. Kb4 Rb1 1/2-1/2

[Event "Rilton Cup 44th"]
[Site "Stockholm"]
[Date "2015.01.02"]
[Round "6"]
[White "Merkesvik, Sondre"]
[Black "Liedbeck, Patrik"]
[Result "1-0"]
[WhiteElo "2218"]
[BlackElo "2016"]
[PlyCount "107"]
[EventDate "2014.12.27"]
[EventType "swiss"]
[EventRounds "9"]
[EventCountry "SWE"]
[SourceTitle "CBM 164 Extra"]
[Source "ChessBase"]
[SourceDate "2015.03.02"]
[SourceVersion "1"]
[SourceVersionDate "2015.03.02"]
[SourceQuality "1"]

1. Nf3 Nf6 2. d4 g6 3. c4 Bg7 4. g3 c6 5. Bg2 d5 6. 0-0 dxc4 7. a4 0-0 8. Na3 Be6 9. Ng5 Bg4 10. Nxc4 h6 11. Nf3 Nbd7 12. a5 Be6 13. Qa4 b5 14. axb6 Nxb6 15. Nxb6 axb6 16. Qxa8 Qxa8 17. Rxa8 Rxa8 18. Ne5 Bd5 19. Nxc6 Bxg2 20. Kxg2 e6 21. f3 Kf8 22. Bd2 Rc8 23. Rc1 Ke8 24. e4 Ng8 25. Kf1 Ne7 26. Nxe7 Rxc1+ 27. Bxc1 Kxe7 28. Be3 Kd7 29. Ke2 Kc6 30. Kd3 Kb5 31. Kc3 h5 32. Bg5 Bf8 33. Bd8 Bd6 34. Kb3 Bb4 35. Bxb6 Be1 36. Bc7 Bf2 37. Kc3 Bg1 38. g4 h4 39. h3 Bf2 40. Kd3 Kc6 41. Be5 Kb5 42. Bd6 Kc6 43. Bf4 Kb5 44. Be3 Bg3 45. f4 Be1 46. Ke2 Bg3 47. Kf3 Kc4 48. Bf2 Bh2 49. Bxh4 Kxd4 50. Bg3 Bg1 51. h4 Kd3 52. h5 gxh5 53. gxh5 Bd4 54. e5 1-0

[Event "Politiken Cup 36th"]
[Site "Helsingor"]
[Date "2014.07.27"]
[Round "8"]
[White "Rorvik, Jon Fredrik"]
[Black "Liedbeck, Patrik"]
[Result "1/2-1/2"]
[WhiteElo "2151"]
[BlackElo "1858"]
[PlyCount "70"]
[EventDate "2014.07.21"]
[EventType "swiss"]
[EventRounds "10"]
[EventCountry "DEN"]
[SourceTitle "CBM 161 Extra"]
[Source "ChessBase"]
[SourceDate "2014.08.29"]
[SourceVersion "1"]
[SourceVersionDate "2014.08.29"]
[SourceQuality "1"]

1. c4 c5 2. Nc3 Nc6 3. g3 g6 4. Bg2 Bg7 5. e4 e6 6. Nge2 Nge7 7. d3 d6 8. Be3 Nd4 9. 0-0 0-0 10. Qd2 Nec6 11. f4 f5 12. Rad1 Rb8 13. Bf2 Qd7 14. Nxd4 Nxd4 15. Ne2 Kh8 16. Nxd4 cxd4 17. Rc1 b6 18. b4 Bb7 19. Rfe1 Rfe8 20. Rc2 Rbc8 21. Rec1 e5 22. fxe5 dxe5 23. c5 bxc5 24. Rxc5 Bf8 25. R5c2 Rxc2 26. Rxc2 fxe4 27. Bxe4 Bxe4 28. dxe4 Qb7 29. a3 Qxe4 30. Rc7 Re7 31. Rc5 Kg8 32. Qa2+ Rf7 33. Rc7 Qf3 34. Rxa7 Qd1+ 35. Kg2 Qf3+ 1/2-1/2

[Event "Politiken Cup 36th"]
[Site "Helsingor"]
[Date "2014.07.25"]
[Round "6"]
[White "Skou, Niels"]
[Black "Liedbeck, Patrik"]
[Result "1/2-1/2"]
[WhiteElo "2141"]
[BlackElo "1858"]
[PlyCount "59"]
[EventDate "2014.07.21"]
[EventType "swiss"]
[EventRounds "10"]
[EventCountry "DEN"]
[SourceTitle "CBM 161 Extra"]
[Source "ChessBase"]
[SourceDate "2014.08.29"]
[SourceVersion "1"]
[SourceVersionDate "2014.08.29"]
[SourceQuality "1"]

1. e4 c5 2. Nf3 d6 3. g3 Nc6 4. Bg2 g6 5. 0-0 Bg7 6. d3 e6 7. c3 Nge7 8. Nbd2 b5 9. Qc2 b4 10. Re1 Rb8 11. Nc4 Ba6 12. Bd2 0-0 13. Rad1 Qc7 14. h4 Rfd8 15. b3 d5 16. exd5 Nxd5 17. cxb4 Ndxb4 18. Bxb4 Nxb4 19. Qb1 Nxd3 20. Rxd3 Bxc4 21. Rxd8+ Qxd8 22. Qc2 Bd5 23. Qxc5 Bxf3 24. Bxf3 Bd4 25. Qc6 Rc8 26. Qe4 Qb6 27. Re2 Qd6 28. Kg2 Qb6 29. h5 Rc1 30. a4 1/2-1/2

[Event "Politiken Cup 36th"]
[Site "Helsingor"]
[Date "2014.07.24"]
[Round "5"]
[White "Liedbeck, Patrik"]
[Black "Franzen, Per Erik"]
[Result "1-0"]
[WhiteElo "1858"]
[BlackElo "2050"]
[PlyCount "69"]
[EventDate "2014.07.21"]
[EventType "swiss"]
[EventRounds "10"]
[EventCountry "DEN"]
[SourceTitle "CBM 161 Extra"]
[Source "ChessBase"]
[SourceDate "2014.08.29"]
[SourceVersion "1"]
[SourceVersionDate "2014.08.29"]
[SourceQuality "1"]

1. e4 d6 2. d4 g6 3. c3 Bg7 4. Nf3 Nf6 5. Nbd2 0-0 6. Bc4 Nxe4 7. Nxe4 d5 8. Bd3 dxe4 9. Bxe4 Nd7 10. 0-0 c6 11. Bg5 Re8 12. Re1 Qc7 13. Qd2 e5 14. Bc2 Nb6 15. Bb3 Be6 16. dxe5 Bxb3 17. axb3 Bxe5 18. Nxe5 Rxe5 19. Rxe5 Qxe5 20. Re1 Qf5 21. c4 f6 22. Bf4 Kf7 23. h3 Qd7 24. Qa5 Nc8 25. b4 b6 26. Qa2 Ne7 27. c5+ Qd5 28. Qa6 Rd8 29. Qxa7 Qd7 30. cxb6 Qxa7 31. bxa7 Ra8 32. Be3 Nc8 33. Rc1 Rxa7 34. Bxa7 Nxa7 35. b5 1-0

[Event "Politiken Cup 36th"]
[Site "Helsingor"]
[Date "2014.07.21"]
[Round "1"]
[White "Liedbeck, Patrik"]
[Black "Rydstrom, Tom"]
[Result "0-1"]
[WhiteElo "1858"]
[BlackElo "2234"]
[PlyCount "61"]
[EventDate "2014.07.21"]
[EventType "swiss"]
[EventRounds "10"]
[EventCountry "DEN"]
[SourceTitle "CBM 161 Extra"]
[Source "ChessBase"]
[SourceDate "2014.08.29"]
[SourceVersion "1"]
[SourceVersionDate "2014.08.29"]
[SourceQuality "1"]

1. e4 e5 2. Nf3 Nc6 3. Bc4 Bc5 4. c3 Nf6 5. d3 d6 6. 0-0 a6 7. Bb3 Ba7 8. Re1 h6 9. h3 g5 10. d4 g4 11. hxg4 Nxg4 12. Be3 Rg8 13. Nbd2 Qf6 14. dxe5 Qg7 15. Nh4 Nxe3 16. fxe3 Nxe5 17. Qe2 Bg4 18. Qf1 Qg5 19. Qf2 Qh5 20. Bc2 0-0-0 21. Nf5 Kb8 22. Qh4 Qxh4 23. Nxh4 Rg5 24. Kf2 Rdg8 25. Ndf3 Bxf3 26. gxf3 Rg3 27. b3 Nxf3 28. Nxf3 Rg2+ 29. Kf1 Rxc2 30. Re2 Rxc3 31. Rae1 0-1

[Event "Nordic-ch U17"]
[Site "Billund"]
[Date "2014.02.16"]
[Round "5"]
[White "Liedbeck, Patrik"]
[Black "Ramsdal, Jens Albert"]
[Result "0-1"]
[WhiteElo "1834"]
[BlackElo "2042"]
[PlyCount "88"]
[EventDate "2014.02.14"]
[EventType "swiss"]
[EventRounds "6"]
[EventCountry "DEN"]
[SourceTitle "EXT 2024"]
[Source "ChessBase"]
[SourceDate "2023.10.10"]
[SourceVersion "1"]
[SourceVersionDate "2023.10.10"]
[SourceQuality "1"]

1. e4 c5 2. Nf3 e6 3. d4 cxd4 4. Nxd4 Nc6 5. Nc3 Qc7 6. Be3 a6 7. Bd3 Nf6 8. 0-0 h5 9. h3 b5 10. Nxc6 Qxc6 11. f3 Qc7 12. Qe1 Bb7 13. Qf2 Rc8 14. Bb6 Qxb6 15. Qxb6 Bc5+ 16. Qxc5 Rxc5 17. a4 b4 18. Na2 a5 19. c3 bxc3 20. Nxc3 Ke7 21. Rac1 Rhc8 22. Ne2 d5 23. exd5 Bxd5 24. Rxc5 Rxc5 25. Rc1 Rxc1+ 26. Nxc1 Nd7 27. Kf2 Kd6 28. Ke3 Nb6 29. Bb5 Nc4+ 30. Bxc4 Bxc4 31. b3 Ba6 32. h4 e5 33. f4 f6 34. fxe5+ Kxe5 35. g3 g6 36. Nd3+ Bxd3 37. Kxd3 Kd5 38. Kc3 Kc5 39. b4+ axb4+ 40. Kb3 g5 41. hxg5 fxg5 42. a5 h4 43. a6 Kb6 44. gxh4 gxh4 0-1

[Event "Nordic-ch U17"]
[Site "Billund"]
[Date "2014.02.15"]
[Round "3"]
[White "Ragnarsson, Dagur"]
[Black "Liedbeck, Patrik"]
[Result "1-0"]
[WhiteElo "2073"]
[BlackElo "1834"]
[PlyCount "63"]
[EventDate "2014.02.14"]
[EventType "swiss"]
[EventRounds "6"]
[EventCountry "DEN"]
[SourceTitle "EXT 2024"]
[Source "ChessBase"]
[SourceDate "2023.10.10"]
[SourceVersion "1"]
[SourceVersionDate "2023.10.10"]
[SourceQuality "1"]

1. c4 c5 2. g3 Nc6 3. Bg2 g6 4. Nc3 Bg7 5. Nf3 e6 6. 0-0 Nge7 7. d3 d5 8. Bg5 h6 9. Bd2 0-0 10. Qc1 Kh7 11. Rb1 b6 12. a3 Bb7 13. b4 cxb4 14. axb4 Qd7 15. c5 bxc5 16. bxc5 Rfb8 17. Qa3 Bc8 18. Nb5 Nf5 19. e4 dxe4 20. dxe4 Ncd4 21. exf5 Nxb5 22. fxg6+ fxg6 23. Qa4 Nc3 24. Qxd7 Bxd7 25. Bxc3 Bxc3 26. Ng5+ hxg5 27. Bxa8 Rxa8 28. Rb7 Kh6 29. Rxd7 a5 30. Rb1 Bb4 31. c6 Rc8 32. c7 1-0